000 00454nam a2200193Ia 4500
003 OSt
005 20250823095031.0
008 250729s1900 xx 000 0 und d
020 _a978-8188836642
040 _cAL
041 _aeng
082 _a370 PRUE
100 _aPruthi R K
_9221973
245 _aEducation in ancient india
260 _aNew Delhi
_bSonali Publication
300 _a230p
650 _aEducation
_9221974
942 _2ddc
_cBED
999 _c235248
_d235248